000
00259nam a2200109Ia 4500
005
20251222113741.0
008
251222s1900||||xx |||||||||||||| ||spa||
082
_a
DVD0070/C68/1967
245
0
_a
Al maestro con cariƱo
264
_b
Columbia Pictures
942
_c
DVD
999
_c
611
_d
611